01088 a2200229 450000500170000000800410001702000180005804000130007604100130008908400190010210000270012124500220014825000130017026000430018330000340022650000320026052004960029265000210078865000150080965000140082465000200083820260515110816.0260515b |||||||| |||| 00| 0 eng d a9788195123124 aCSLcCSL 2engaeng aD65 R2-;9qCSL aBimbhra, P.S. eauthor aPower electronics a7th rev. aNew Delhi :bKhanna Publishers,c2025. axiii, 989p.b: ill.c; 24 cm. aIncludes appendix and index aThis book is designed to sever a textbook for the students of engineering studying a course on power Electronics. It provides a lucid and comprehensive treatment of the topics covered in the book. A large number of illustrative figures and a wide variety of worked examples add to the clarity of subject mater. This book would be found suitable as a textbook for the students pursuing courses in the areas of the Electrical, Electronics, Instrumentation, Telecommunications and Mechatronics. aDiode rectifiers aThyristors aInverters aElectric drives